| 000 | 00000nam##2200000za#4500 |
| 001 | 9.618056 |
| 003 | CaOODSP |
| 005 | 20210615102602 |
| 007 | ta |
| 008 | 150406|2006||||xxc||||| f|0| 0 eng|d |
| 022 | |a0706-6473 |
| 040 | |aCaOODSP|beng |
| 043 | |an-cn--- |
| 086 | 1 |aFs97-4/2735E |
| 110 | 1 |aCanada. |bDepartment of Fisheries and Oceans. |
| 245 | 10|aPacific commercial fishery updates for invertebrate resources (2000) / |cby R.M. Harbo and E.S. Wylie (editors). |
| 260 | |aNanaimo - British Columbia : |bFisheries and Oceans Canada |c2006. |
| 300 | |aviii, 304p. : |bfigs., graphs, illus., maps, references, tables ; |c28 cm. |
| 490 | 1 |aCanadian manuscript report of fisheries and aquatic sciences|x0706-6473|vNo. 2735 |
| 500 | |a"Fisheries and Oceans Canada, Pacific Region, Resource Management, South Coast, 3225 Stephenson Point Road, Nanaimo, B.C., V9T 1K3".--Cover. |
| 520 | 3 |aThis report is part of a series that contains scientific and technical information that contributes to existing knowledge but deals with national or regional problems. They are distributed to institutions and individuals in the relevant areas of Canada. The subject matter reflects the interests and policies of the Department of Fisheries and Oceans. |
| 546 | |a(Résumé en français.) |
| 563 | |aCerlox |
| 590 | |a06-46|b2006-11-17 |
| 690 | 07|aFisheries management|2gcpds |
| 776 | 0#|tPacific commercial fishery updates for invertebrate resources (2000) / |w(CaOODSP)9.580030 |
| 830 | #0|aCanadian manuscript report of fisheries and aquatic sciences,|x0706-6473|vNo. 2735|w(CaOODSP)9.514688 |